000 006080000a22001810004500
003 MACL
005 20160505145543.0
008 160505b xxu||||| |||| 00| 0 eng d
040 _aMACL
_cMACL
041 _aHindi
082 _a800 BHA
100 _aभटनागर, हेम
_955317
245 _aसंवादी स्‍वर
_bलयात्‍मक जीवन की ओर
_cहेम भटनागर
260 _bसंस्‍कार प्रकाशन
_c2003
_aनई दिल्‍ली
350 _a95
650 _aLiterature
_955318
942 _cHIN
_k800/BHA/L
_2ddc
999 _c18258
_d18258